Dynamic programming and the calculus of variations /

Guardado en:
Autor Principal: Dreyfus, Stuart E.
Formato: Libro
Idioma:English
Publicado: New York : Academic Press, 1965.
Series:Mathematics in science and engineering ; v. 21.
Materias:
Etiquetas: Agregar Etiqueta
Sin Etiquetas, Sea el primero en etiquetar este registro!
LEADER 00785nam a22002291a 4500
001 MAT.inmabb005619
008 840111s1965####nyua#####b####000#0#eng##
005 20160802155857.0
245 1 0 |a Dynamic programming and the calculus of variations /  |c [by] Stuart E. Dreyfus. 
260 |a New York :  |b Academic Press,  |c 1965. 
300 |a xix, 248 p. :  |b il. ;  |c 24 cm. 
490 1 |a Mathematics in science and engineering ;  |v 21 
504 |a Bibliografía: p. 242-244. 
510 4 |a MR,  |c 33 #7907 
100 1 |a Dreyfus, Stuart E. 
830 0 |a Mathematics in science and engineering ;  |v v. 21. 
650 0 |a Dynamic programming. 
650 0 |a Calculus of variations. 
084 |a 49.00 (90.40)  |2 MR 
010 |a  65026394  
040 |a DLC/ICU  |c ICU  |d DLC 
859 |h 49  |i D778  |p A-2285  |b BIB. MATEMATICA